000
00227 a2200097 4500
001
52969
100
_a
Alexander, J M
245
_a
Strength of Materials (Vol-I)
260
_a
New York
_b
Ellis Horwood
_c
090
_c
33299
_d
33299
942
_a
NUST-CAE
_c
M
_c
25890
999
_c
288042
_d
288042